000 00429nam a2200145 a 4500
001 000033698
005 20200930070442.0
008 110906s1910 dr c 000 0 spa d
040 _aDO-SdBNP
_bspa
_cBNPHU
082 _axxx
_bA174v
100 1 _aAcevedo, Octavio A.
_931904
245 1 0 _aVias de comunicación /
_cOctavio A. Acevedo.
260 _aSanto Domingo :
_bLa cuna de América,
_c1910.
300 _a97 p. :
_bretr. ;
_c19 cm.
999 _c33189
_d33189